[Event "Orbis GM 2018"]
[Site "Paracin"]
[Date "2018.07.20"]
[Round "9"]
[White "Raghunandan, Kaumandur Srihari"]
[Black "Raja, Rithvik R"]
[Result "1/2-1/2"]
[WhiteElo "2417"]
[BlackElo "2343"]
[Annotator "TA"]
[PlyCount "120"]
[EventDate "2018.??.??"]
[EventCountry "SRB"]
[SourceTitle "playchess.com"]
[Source "ChessBase"]
[SourceQuality "1"]

{[%evp 21,120,34,47,15,20,0,0,0,0,0,21,18,24,19,31,20,35,19,52,20,50,31,56,51,39,32,107,95,170,158,181,167,244,220,242,214,326,185,356,229,220,135,418,145,167,162,132,148,141,135,167,166,170,98,151,145,111,35,38,50,83,56,129,0,9,0,8,8,8,8,8,8,8,8,8,8,8,8,9,10,11,8,8,8,8,8,8,8,8,8,8,8,8,8,8,8,8,8,8,8,137]} 1. e4 c5 2. Nf3 d6 3. Bb5+ Nd7 4. O-O Ngf6 5. Re1 a6 6. Bf1 b6 7. d4 cxd4 8. Nxd4 Bb7 9. c4 e6 10. Nc3 Be7 {B51: Sicilian: Moscow Variation (3 Bb5+) without 3...Bd7} 11. f3 O-O {LiveBook: 63 Games} 12. a4 (12. Be3 Qc7 13. Rc1 Rac8 14. Qd2 Qb8 15. b3 Rfe8 16. Kh1 Bd8 17. Bg1 Bc7 18. Nc2 {1-0 (76) Areshchenko,A (2652)-Demchenko,A (2645) Tbilisi 2017}) 12... Rc8 13. Be3 Ne5 14. Qb3 Qc7 15. Rac1 Nfd7 16. Red1 $146 ({Predecessor:} 16. Nd1 Rfe8 17. Nf2 Nc5 18. Qa3 {0-1 (39) Orev,P-Popov,L Pernik 1975}) 16... Rfe8 17. Qa2 Qb8 18. b3 Bd8 19. Qf2 Bc7 20. g3 {[%cal Bg2g3,Bg3h4,Bh4h5,Bh5h6][%mdl 32]} Qa8 21. Bg2 h5 22. h3 Nc5 23. Qe2 h4 (23... Ng6 $14) 24. gxh4 $16 Ncd7 (24... Bd8 $16 {keeps fighting.}) 25. f4 $18 Ng6 26. h5 Ngf8 (26... Nh4 $142) 27. h6 g6 28. Nf3 Nh7 (28... Re7 $142 29. b4 Bb8) 29. Ng5 (29. Qf2 $142) 29... Ndf6 $2 (29... Re7 30. Qg4 Nhf8) 30. Bd4 Nh5 31. Qf2 f6 $2 {[%mdl 8192]} (31... e5 $16 {was worth a try.}) 32. Nxh7 $2 (32. Nxe6 $18 {is the precise move to win.} Rxe6 33. f5) 32... Kxh7 $16 33. Bxb6 Bxb6 34. Qxb6 Nxf4 35. Rxd6 Kxh6 36. Qe3 g5 37. h4 (37. Rcd1 $18) 37... Rcd8 (37... Red8 $142 38. Nd5 Bxd5 39. Rxd8 Rxd8 40. hxg5+ (40. cxd5 Qb8 $14) 40... fxg5 41. exd5 Qb8) 38. hxg5+ fxg5 39. c5 (39. Rcd1 $16) 39... Rxd6 $14 40. cxd6 Rd8 {[#]} 41. Rd1 $1 {Strongly threatening Bf3.} Qc8 {[#]} (41... Kg6 $14) 42. Bf1 (42. Kf2 $1 $16) 42... e5 {The position is equal.} 43. Rd2 Qc6 44. Nd5 {Nxf4 is the strong threat.} Qxd6 45. Nxf4 Qxd2 46. Qh3+ Kg7 {( -> ...Qd4+)} 47. Ne6+ Kg8 {aiming for ...Rd6.} 48. Nxd8 {Threatening mate with Bc4+.} Qd4+ 49. Kh2 {Intending Bc4+ and mate.} Qxd8 50. Qe6+ Kg7 51. Qxe5+ Qf6 $132 {[%mdl 2048] Black is fighting back} 52. Qc7+ Qf7 53. Qxf7+ Kxf7 $11 {[%mdl 4096] Endgame KB-KB} 54. b4 Ke6 55. Kg3 {next Kg4 is good for White.} a5 56. bxa5 {And now a6 would win.} Bxe4 57. Kg4 Kd6 58. Kxg5 Kc7 59. Bb5 Kb7 60. Kf4 Bh1 {Precision: White = 48%, Black = 38%.} (60... Bc2 $11) 1/2-1/2

[Event "Orbis GM 2018"]
[Site "Paracin"]
[Date "2018.07.20"]
[Round "9"]
[White "Radovanovic, Mihajlo"]
[Black "Atalik, Suat"]
[Result "1/2-1/2"]
[WhiteElo "2402"]
[BlackElo "2509"]
[Annotator "TA"]
[PlyCount "26"]
[EventDate "2018.??.??"]
[EventCountry "SRB"]
[SourceTitle "playchess.com"]
[Source "ChessBase"]
[SourceQuality "1"]

{[%evp 18,26,15,12,18,0,47,0,0,0,0]} 1. Nf3 Nf6 2. g3 g6 3. b3 b6 4. Bb2 Bg7 5. Bg2 Bb7 6. O-O O-O 7. c4 d6 8. d4 e6 9. Nc3 c5 {A15: Englisch gegen Königs-Fianchetto} 10. Qd2 {LiveBook: 3 Partien} (10. Rc1) 10... Qe7 11. Rad1 Na6 $146 ({Vorgänger:} 11... Rd8 12. Rfe1 Nbd7 13. e4 cxd4 14. Nxd4 a6 15. h3 {0-1 (36) Begun,S (2385)-Barkovsky,E Minsk (Belarus) 1981}) 12. Rfe1 d5 13. cxd5 exd5 1/2-1/2

[Event "Orbis GM 2018"]
[Site "Paracin"]
[Date "2018.07.20"]
[Round "9"]
[White "Peng, Shunkai"]
[Black "Savic, Miodrag R"]
[Result "1/2-1/2"]
[WhiteElo "2390"]
[BlackElo "2541"]
[Annotator "TA"]
[PlyCount "39"]
[EventDate "2018.??.??"]
[EventCountry "SRB"]
[SourceTitle "playchess.com"]
[Source "ChessBase"]
[SourceQuality "1"]

{[%evp 21,22,32,28]} 1. e4 e5 2. Nf3 Nc6 3. Bc4 Bc5 4. c3 Nf6 5. d3 a6 6. O-O Ba7 7. Nbd2 d6 8. Bb3 h6 {C54: Giuoco Piano: 4 c3 Nf6, main lines with 5 d4 and 5 d3} (8... O-O 9. h3 h6 10. Re1 Re8 11. Nf1 Be6 12. Bc2 d5 13. exd5 Bxd5 14. Ng3 Qd6 15. Nh4 Ne7 16. Qe2 Qd7 17. Ne4 Qe6 18. a4 Rad8 19. a5 g5 {0-1 (101) Onischuk,V (2637)-Grischuk,A (2772) Riadh 2017}) 9. h3 Ne7 10. Re1 Ng6 11. Nf1 O-O {LiveBook: 163 Games} {Predecessor:} 12. Ng3 $146 Be6 13. Bc2 Qc8 14. d4 Re8 15. Nf5 d5 16. Nxe5 Nxe5 17. dxe5 Nxe4 18. Nd4 Bd7 19. Bxe4 dxe4 20. Rxe4 {½-½ (68) Tsigelnitskiy,I (2342)-Notkin,M (2449) Minsk 2018} 1/2-1/2